00334nam a2200133Ia 45000010005000000080041000050400013000460820018000591000016000772450030000932600059001233000011001825460007001936749140320s9999 xx 000 0 und d cPK-LaUMT a 509.2bHER-U aHeraldliyam aUmer KhiyyamcHeraldliyam aKarachi,Pakistan:bThe Manager of Puhlications,c1994. a514 p. aEN